书目信息 |
| 题名: |
AutoCAD应用基础
|
|
| 作者: | 焦胜军 , 孙再鸣 , 张学钢 主编 | |
| 分册: | ||
| 出版信息: | 北京 科学出版社 2007.02 |
|
| 页数: | 167页 | |
| 开本: | 26cm | |
| 丛书名: | 全国高职高专土木工程专业系列规划教材 | |
| 单 册: | ||
| 中图分类: | TP391.72 | |
| 科图分类: | ||
| 主题词: | 计算机辅助设计--ji suan ji fu zhu she ji--应用软件--高等学校--教材 | |
| 电子资源: | ||
| ISBN: | 978-7-03-018558-7 | |
| 000 | 01137nam 2200277 450 | |
| 001 | 012007356288 | |
| 005 | 20070924093548.87 | |
| 010 | @a978-7-03-018558-7@dCNY14.00 | |
| 100 | @a20070812d2007 km y0chiy0120 ea | |
| 101 | 0 | @achi |
| 102 | @aCN@b110000 | |
| 105 | @aa a 000yy | |
| 200 | 1 | @aAutoCAD应用基础@AAutoCAD ying yong ji chu@e配发习题集@f焦胜军, 孙再鸣, 张学钢主编@Fjiao sheng jun,sun zai ming,zhang xue gang zhu bian |
| 210 | @a北京@c科学出版社@d2007.02 | |
| 215 | @a167页@c图@d26cm | |
| 225 | 2 | @a全国高职高专土木工程专业系列规划教材@Aquan guo gao zhi gao zhuan tu mu gong cheng zhuan ye xi lie gui hua jiao cai |
| 320 | @a有书目 (第167页)。 | |
| 330 | @a本书共有十章,第一章,AutoCAD 2004基础,第二章,二维图形的绘制,第三章,图形的编辑和修改,第四章,精确绘图等。 | |
| 410 | 0 | @12001 @a全国高职高专土木工程专业系列规划教材 |
| 606 | 0 | @a计算机辅助设计@Aji suan ji fu zhu she ji@x应用软件@x高等学校@j教材 |
| 690 | @aTP391.72@v4 | |
| 701 | 0 | @a焦胜军@Ajiao sheng jun@4主编 |
| 701 | 0 | @a孙再鸣@Asun zai ming@4主编 |
| 701 | 0 | @a张学钢@Azhang xue gang@4主编 |
| 801 | 0 | @aCN@c20070924 |
| 905 | @dTP391.72@eJ667 | |
| AutoCAD应用基础:配发习题集/焦胜军, 孙再鸣, 张学钢主编.-北京:科学出版社,2007.02 |
| 167页:图;26cm.-(全国高职高专土木工程专业系列规划教材) |
| ISBN 978-7-03-018558-7:CNY14.00 |
| 本书共有十章,第一章,AutoCAD 2004基础,第二章,二维图形的绘制,第三章,图形的编辑和修改,第四章,精确绘图等。 |
| ● |
| 相关链接 |
|
|
|
正题名:AutoCAD应用基础
索取号:TP391.72/J667
 
预约/预借
| 序号 | 登录号 | 条形码 | 馆藏地/架位号 | 状态 | 备注 |
| 1 | 257470 | 202574703 | 期刊室512/301自科库 68排5列3层/ [索取号:TP391.72/J667] | 在馆 | |
| 2 | 257471 | 202574712 | 期刊室512/301自科库 68排5列3层/ [索取号:TP391.72/J667] | 在馆 | |
| 3 | 257472 | 202574721 | 自科二线400A/400A自科库 4排3列2层/ [索取号:TP391.72/J667] | 在馆 |